| 000 | 01269cam a22003614a 4500 | ||
|---|---|---|---|
| 001 | 14234572 | ||
| 003 | NUST-PNEC | ||
| 005 | 20170116180734.0 | ||
| 008 | 060118s2007 maua b 001 0 eng | ||
| 010 | _a 2006002008 | ||
| 015 |
_aGBA610314 _2bnb |
||
| 016 | 7 |
_a013370602 _2Uk |
|
| 020 | _a0321369572 | ||
| 020 | _a0321122267 (hbk.) | ||
| 020 | _a9780321369574 | ||
| 020 | _a9788131716250 | ||
| 035 | _a(OCoLC)ocm62796197 | ||
| 040 |
_aDLC _cPNEC |
||
| 042 | _apcc | ||
| 082 | 0 | 0 | _a005.74 ELM |
| 100 | 1 | _aElmasri, Ramez. | |
| 245 | 1 | 0 |
_aFundamentals of database systems / _cRamez Elmasri, Shamkant B. Navathe. |
| 250 | _a5th ed. | ||
| 260 |
_aBoston : _bPearson/Addison Wesley, _cc2007. |
||
| 300 |
_axxviii, 1139 p. : _bill. ; _c24 cm. |
||
| 500 | _aIncludes index. | ||
| 504 | _aIncludes bibliographical references (p. 1067-1095) and index. | ||
| 650 | 0 |
_aDatabase management. _xMIS, Computer |
|
| 856 | 4 | 1 | _uhttp://www.amazon.com/Fundamentals-Database-Systems-Ramez-Elmasri/dp/0321369572/ref=sr_1_1?s=books&ie=UTF8&qid=1398846405&sr=1-1&keywords=9780321369574 |
| 906 |
_a7 _bcbc _corignew _d1 _eecip _f20 _gy-gencatlg |
||
| 942 |
_2ddc _cBK |
||
| 999 |
_c61880 _d61880 |
||